The properties of petroleum fluids / (Record no. 15475)
[ view plain ]
| 000 -LEADER | |
|---|---|
| fixed length control field | 00839cam a22002655a 4500 |
| 001 - CONTROL NUMBER | |
| control field | 2454363 |
| 005 - DATE AND TIME OF LATEST TRANSACTION | |
| control field | 20171221130646.0 |
| 008 - FIXED-LENGTH DATA ELEMENTS--GENERAL INFORMATION | |
| fixed length control field | 890602s1990 okua b 001 0 eng |
| 020 ## - INTERNATIONAL STANDARD BOOK NUMBER | |
| International Standard Book Number | 9780878143351 |
| 040 ## - CATALOGING SOURCE | |
| Original cataloging agency | DLC |
| Language of cataloging | eng |
| Transcribing agency | DLC |
| Modifying agency | DLC |
| -- | EG-ScBUE |
| 082 04 - DEWEY DECIMAL CLASSIFICATION NUMBER | |
| Classification number | 665.5 |
| Item number | MCC |
| Edition number | 22 |
| 100 1# - MAIN ENTRY--PERSONAL NAME | |
| Personal name | McCain, William D., |
| Dates associated with a name | 1933- |
| 9 (RLIN) | 24457 |
| 245 14 - TITLE STATEMENT | |
| Title | The properties of petroleum fluids / |
| Statement of responsibility, etc | William D. McCain. |
| 246 30 - VARYING FORM OF TITLE | |
| Title proper/short title | Petroleum fluids |
| 250 ## - EDITION STATEMENT | |
| Edition statement | 2nd ed. |
| 260 ## - PUBLICATION, DISTRIBUTION, ETC. (IMPRINT) | |
| Place of publication, distribution, etc | Tulsa, Okla. : |
| Name of publisher, distributor, etc | PennWell Books, |
| Date of publication, distribution, etc | c.1990. |
| 300 ## - PHYSICAL DESCRIPTION | |
| Extent | xli, 548 p. : |
| Other physical details | ill. ; |
| Dimensions | 24 cm. |
| 504 ## - BIBLIOGRAPHY, ETC. NOTE | |
| Bibliography, etc | Includes bibliographical references and index. |
| 650 #7 - SUBJECT ADDED ENTRY--TOPICAL TERM | |
| Topical term or geographic name as entry element | Petroleum. |
| Source of heading or term | BUEsh |
| 9 (RLIN) | 24458 |
| 650 #7 - SUBJECT ADDED ENTRY--TOPICAL TERM | |
| Topical term or geographic name as entry element | Natural gas. |
| Source of heading or term | BUEsh |
| 9 (RLIN) | 24459 |
| 650 #7 - SUBJECT ADDED ENTRY--TOPICAL TERM | |
| Topical term or geographic name as entry element | Oil reservoir engineering. |
| Source of heading or term | BUEsh |
| 9 (RLIN) | 24460 |
| 651 ## - SUBJECT ADDED ENTRY--GEOGRAPHIC NAME | |
| Source of heading or term | BUEsh |
| 653 ## - INDEX TERM--UNCONTROLLED | |
| Resource For college | Engineering, Petroleum |
| Arrived date list | May2011 |
| -- | December2017 |
| 942 ## - ADDED ENTRY ELEMENTS (KOHA) | |
| Source of classification or shelving scheme | Dewey Decimal Classification |
| Withdrawn status | Item status | Source of classification or shelving scheme | Damaged status | Not for loan | Vendor | Home library | Current library | Shelving location | Date acquired | Source of acquisition | Cost, normal purchase price | Serial Enumeration / chronology | Total Checkouts | Total Renewals | Full call number | Barcode | Date last seen | Date last borrowed | Koha item type |
|---|---|---|---|---|---|---|---|---|---|---|---|---|---|---|---|---|---|---|---|
| Dewey Decimal Classification | Baccah | Central Library | Central Library | First floor | 30/05/2011 | 780.00 | 12336 | 14 | 58 | 665.5 MCC | 000023802 | 15/07/2025 | 16/02/2019 | Book - Borrowing | |||||
| Dewey Decimal Classification | Baccah | Central Library | Central Library | First floor | 26/03/2012 | 780.00 | 13 | 665.5 MCC | 000026534 | 15/07/2025 | 18/04/2013 | NB - Book (Non borrowing) | |||||||
| Dewey Decimal Classification | Baccah | Central Library | Central Library | First floor | 26/03/2012 | 780.00 | 6 | 39 | 665.5 MCC | 000026535 | 15/07/2025 | 15/02/2015 | Book - Borrowing | ||||||
| Dewey Decimal Classification | Baccah | Central Library | Central Library | First floor | 08/11/2017 | Purchase | 1 | 665.5 MCC | 000042425 | 15/07/2025 | 09/05/2018 | Book - Borrowing | |||||||
| Dewey Decimal Classification | Central Library | Central Library | First floor | 21/12/2017 | 2 | 35 | 665.5 MCC | 000046969 | 15/07/2025 | 18/02/2019 | Book - Borrowing | ||||||||
| Dewey Decimal Classification | Central Library | Central Library | First floor | 21/12/2017 | 2 | 24 | 665.5 MCC | 000046970 | 15/07/2025 | 20/03/2023 | Book - Borrowing |